000 00318nam a22001457a 4500
008 210429b ||||| |||| 00| 0 eng d
020 _a9780877797081
041 _aeng
080 _210th
_a038
082 _a038
100 _a23
101 _aFJA
245 _aCollegiate Dictionary
_cWesbster,M
942 _2udc
_cBK
999 _c56962
_d56962